<?xml version="1.0" encoding="UTF-8"?>
<record
    xmlns:xsi="http://www.w3.org/2001/XMLSchema-instance"
    xsi:schemaLocation="http://www.loc.gov/MARC21/slim http://www.loc.gov/standards/marcxml/schema/MARC21slim.xsd"
    xmlns="http://www.loc.gov/MARC21/slim">

  <leader>02432nam a2200277Ia 4500</leader>
  <datafield tag="999" ind1=" " ind2=" ">
    <subfield code="c">45484</subfield>
    <subfield code="d">45484</subfield>
  </datafield>
  <controlfield tag="001">12309</controlfield>
  <controlfield tag="003">GE_BSU</controlfield>
  <controlfield tag="005">20240709124520.0</controlfield>
  <controlfield tag="008">181216s2013||||ge |||||||||||||| ||geo||</controlfield>
  <datafield tag="040" ind1=" " ind2=" ">
    <subfield code="c">GE_BSU</subfield>
  </datafield>
  <datafield tag="041" ind1=" " ind2=" ">
    <subfield code="a">geo</subfield>
  </datafield>
  <datafield tag="080" ind1=" " ind2=" ">
    <subfield code="a">821.353.1-3 &#x10E8;-47</subfield>
  </datafield>
  <datafield tag="245" ind1=" " ind2=" ">
    <subfield code="a"> &#x10E8;&#x10D4;&#x10DB;&#x10DD;&#x10D3;&#x10D2;&#x10DD;&#x10DB;&#x10D8;&#x10E1; &#x10DA;&#x10D4;&#x10D2;&#x10D4;&#x10DC;&#x10D3;&#x10D0; 2011: &#x10DB;&#x10EC;&#x10D5;&#x10D0;&#x10DC;&#x10D4; &#x10DB;&#x10D0;&#x10E0;&#x10DB;&#x10D0;&#x10E0;&#x10D8;&#x10DA;&#x10DD;&#x10E1; &#x10E1;&#x10D0;&#x10D8;&#x10D3;&#x10E3;&#x10DB;&#x10DA;&#x10DD; : &#x10D0;&#x10EE;&#x10D0;&#x10DA;&#x10D8; &#x10E1;&#x10D0;&#x10EE;&#x10D4;&#x10D4;&#x10D1;&#x10D8;, &#x10D0;&#x10EE;&#x10D0;&#x10DA;&#x10D8; &#x10E1;&#x10D0;&#x10EE;&#x10D4;&#x10DA;&#x10D4;&#x10D1;&#x10D8;, &#x10E8;&#x10D4;&#x10DC;&#x10D8; &#x10EE;&#x10D4;&#x10DA;&#x10EC;&#x10D4;&#x10E0;&#x10D0; : &#x10E1;&#x10E2;&#x10E3;&#x10D3;&#x10D4;&#x10DC;&#x10E2;&#x10E3;&#x10E0;&#x10D8; &#x10DA;&#x10D8;&#x10E2;&#x10D4;&#x10E0;&#x10D0;&#x10E2;&#x10E3;&#x10E0;&#x10E3;&#x10DA;&#x10D8; &#x10D9;&#x10DD;&#x10DC;&#x10D9;&#x10E3;&#x10E0;&#x10E1;&#x10D8; : 5 &#x10EC;&#x10DA;&#x10D8;&#x10E1; &#x10E1;&#x10D0;&#x10D8;&#x10E3;&#x10D1;&#x10D8;&#x10DA;&#x10D4;&#x10DD; &#x10D2;&#x10D0;&#x10DB;&#x10DD;&#x10EA;&#x10D4;&#x10DB;&#x10D0; (2009-2013) / </subfield>
    <subfield code="c">&#x10D8;&#x10D5;&#x10D0; &#x10E4;&#x10D4;&#x10D6;&#x10E3;&#x10D0;&#x10E8;&#x10D5;&#x10D8;&#x10DA;&#x10D8;, &#x10DB;&#x10D0;&#x10D2;&#x10D3;&#x10D0; &#x10D1;&#x10D0;&#x10E2;&#x10D8;&#x10D0;&#x10E8;&#x10D5;&#x10D8;&#x10DA;&#x10D8;, &#x10DC;&#x10D8;&#x10DC;&#x10DD; &#x10E2;&#x10D4;&#x10E4;&#x10DC;&#x10D0;&#x10EB;&#x10D4; ; &#x10D8;&#x10D3;&#x10D4;&#x10D8;&#x10E1; &#x10D0;&#x10D5;&#x10E2;&#x10DD;&#x10E0;&#x10D8;  &#x10DC;&#x10D8;&#x10DC;&#x10DD; &#x10D9;&#x10D0;&#x10DA;&#x10D0;&#x10DC;&#x10D3;&#x10D8;&#x10D0; ; &#x10E0;&#x10D4;&#x10D3;&#x10D0;&#x10E5;&#x10E2;&#x10DD;&#x10E0;&#x10D8;  &#x10E5;&#x10D4;&#x10D7;&#x10D4;&#x10D5;&#x10D0;&#x10DC; &#x10D2;&#x10D0;&#x10D1;&#x10DD;&#x10E8;&#x10D5;&#x10D8;&#x10DA;&#x10D8;.</subfield>
  </datafield>
  <datafield tag="264" ind1=" " ind2=" ">
    <subfield code="a">&#x10D7;&#x10D1;&#x10D8;&#x10DA;&#x10D8;&#x10E1;&#x10D8; :</subfield>
    <subfield code="b">&#x10D7;&#x10E1;&#x10E3;,</subfield>
    <subfield code="c">2013</subfield>
  </datafield>
  <datafield tag="300" ind1=" " ind2=" ">
    <subfield code="a">44 &#x10D2;&#x10D5;. :</subfield>
    <subfield code="b">&#x10D8;&#x10DA;. ;</subfield>
    <subfield code="c">20 &#x10E1;&#x10DB;.</subfield>
  </datafield>
  <datafield tag="500" ind1=" " ind2=" ">
    <subfield code="a">&#x10D8;&#x10D5;&#x10D0;&#x10DC;&#x10D4; &#x10EF;&#x10D0;&#x10D5;&#x10D0;&#x10EE;&#x10D8;&#x10E8;&#x10D5;&#x10D8;&#x10DA;&#x10D8;&#x10E1; &#x10E1;&#x10D0;&#x10EE;&#x10D4;&#x10DA;&#x10DD;&#x10D1;&#x10D8;&#x10E1; &#x10D7;&#x10D1;&#x10D8;&#x10DA;&#x10D8;&#x10E1;&#x10D8;&#x10E1; &#x10E1;&#x10D0;&#x10EE;&#x10D4;&#x10DA;&#x10DB;&#x10EC;&#x10D8;&#x10E4;&#x10DD; &#x10E3;&#x10DC;&#x10D8;&#x10D5;&#x10D4;&#x10E0;&#x10E1;&#x10D8;&#x10E2;&#x10D4;&#x10E2;&#x10D8;&#x10E1;&#x10D0; &#x10D3;&#x10D0; &#x10D9;&#x10DD;&#x10DB;&#x10DE;&#x10D0;&#x10DC;&#x10D8;&#x10D0; "&#x10EF;&#x10D4;&#x10DD;&#x10E1;&#x10D4;&#x10DA;&#x10D8;&#x10E1;" &#x10D4;&#x10E0;&#x10D7;&#x10DD;&#x10D1;&#x10DA;&#x10D8;&#x10D5;&#x10D8; &#x10DE;&#x10E0;&#x10DD;&#x10D4;&#x10E5;&#x10E2;&#x10D8;</subfield>
  </datafield>
  <datafield tag="520" ind1=" " ind2=" ">
    <subfield code="a">&#x10D8;&#x10D5;&#x10D0;&#x10DC;&#x10D4; &#x10EF;&#x10D0;&#x10D5;&#x10D0;&#x10EE;&#x10D8;&#x10E8;&#x10D5;&#x10D8;&#x10DA;&#x10D8;&#x10E1; &#x10E1;&#x10D0;&#x10EE;.&#x10D7;&#x10D1;&#x10D8;&#x10DA;&#x10D8;&#x10E1;&#x10D8;&#x10E1; &#x10E1;&#x10D0;&#x10EE;.&#x10E3;&#x10DC;-&#x10E2;&#x10D8;&#x10E1; &#x10D3;&#x10D0; &#x10D9;&#x10DD;&#x10DB;&#x10DE;&#x10D0;&#x10DC;&#x10D8;&#x10D0; &#x10EF;&#x10D4;&#x10DD;&#x10E1;&#x10D4;&#x10DA;&#x10D8;&#x10E1; &#x10D4;&#x10E0;&#x10D7;&#x10DD;&#x10D1;&#x10DA;&#x10D8;&#x10D5;&#x10D8; &#x10DE;&#x10E0;&#x10DD;&#x10D4;&#x10E5;&#x10E2;&#x10D8;.&#x10E1;&#x10E2;&#x10E3;&#x10D3;&#x10D4;&#x10DC;&#x10E2;&#x10E3;&#x10E0;&#x10D8; &#x10DA;&#x10D8;&#x10E2;-&#x10DA;&#x10D8; &#x10D9;&#x10DD;&#x10DC;&#x10D9;&#x10E3;&#x10E0;&#x10E1;&#x10D8; &#x10E8;&#x10D4;&#x10DB;&#x10DD;&#x10D3;&#x10D2;&#x10DD;&#x10DB;&#x10D8;&#x10E1; &#x10DA;&#x10D4;&#x10D2;&#x10D4;&#x10DC;&#x10D3;&#x10D0;.5&#x10EC;.&#x10E1;&#x10D0;&#x10D8;&#x10E3;&#x10D1;&#x10D8;&#x10DA;&#x10D4;&#x10DD; &#x10D2;&#x10D0;&#x10DB;&#x10DD;&#x10EA;.2009-2013.</subfield>
  </datafield>
  <datafield tag="653" ind1=" " ind2=" ">
    <subfield code="a">&#x10E8;&#x10D4;&#x10DB;&#x10DD;&#x10D3;&#x10D2;&#x10DD;&#x10DB;&#x10D8;&#x10E1; &#x10DA;&#x10D4;&#x10D2;&#x10D4;&#x10DC;&#x10D3;&#x10D0; </subfield>
  </datafield>
  <datafield tag="653" ind1=" " ind2=" ">
    <subfield code="a"> &#x10DE;&#x10D4;&#x10DE;&#x10DA;&#x10D8;&#x10E1; &#x10D4;&#x10E4;&#x10D4;&#x10E5;&#x10E2;&#x10D8;</subfield>
  </datafield>
  <datafield tag="700" ind1=" " ind2=" ">
    <subfield code="a">&#x10E4;&#x10D4;&#x10D6;&#x10E3;&#x10D0;&#x10E8;&#x10D5;&#x10D8;&#x10DA;&#x10D8;, &#x10D8;&#x10D5;&#x10D0; </subfield>
    <subfield code="e">&#x10D0;&#x10D5;&#x10E2;&#x10DD;&#x10E0;&#x10D8;</subfield>
    <subfield code="9">22780</subfield>
  </datafield>
  <datafield tag="700" ind1=" " ind2=" ">
    <subfield code="a">&#x10D1;&#x10D0;&#x10E2;&#x10D8;&#x10D0;&#x10E8;&#x10D5;&#x10D8;&#x10DA;&#x10D8;, &#x10DB;&#x10D0;&#x10D2;&#x10D3;&#x10D0;</subfield>
    <subfield code="e">&#x10D0;&#x10D5;&#x10E2;&#x10DD;&#x10E0;&#x10D8;</subfield>
    <subfield code="9">22781</subfield>
  </datafield>
  <datafield tag="700" ind1=" " ind2=" ">
    <subfield code="a">&#x10E2;&#x10D4;&#x10E4;&#x10DC;&#x10D0;&#x10EB;&#x10D4;, &#x10DC;&#x10D8;&#x10DC;&#x10DD;</subfield>
    <subfield code="e">&#x10D0;&#x10D5;&#x10E2;&#x10DD;&#x10E0;&#x10D8;</subfield>
    <subfield code="9">22782</subfield>
  </datafield>
  <datafield tag="700" ind1=" " ind2=" ">
    <subfield code="a">&#x10D9;&#x10D0;&#x10DA;&#x10D0;&#x10DC;&#x10D3;&#x10D8;&#x10D0;, &#x10DC;&#x10D8;&#x10DC;&#x10DD;</subfield>
    <subfield code="e">&#x10D8;&#x10D3;&#x10D4;&#x10D8;&#x10E1; &#x10D0;&#x10D5;&#x10E2;&#x10DD;&#x10E0;&#x10D8;</subfield>
    <subfield code="9">12723</subfield>
  </datafield>
  <datafield tag="700" ind1=" " ind2=" ">
    <subfield code="a"> &#x10D2;&#x10D0;&#x10D1;&#x10DD;&#x10E8;&#x10D5;&#x10D8;&#x10DA;&#x10D8;, &#x10E5;&#x10D4;&#x10D7;&#x10D4;&#x10D5;&#x10D0;&#x10DC;</subfield>
    <subfield code="e"> &#x10E0;&#x10D4;&#x10D3;&#x10D0;&#x10E5;&#x10E2;&#x10DD;&#x10E0;&#x10D8;</subfield>
    <subfield code="9">22783</subfield>
  </datafield>
  <datafield tag="942" ind1=" " ind2=" ">
    <subfield code="c">BK</subfield>
    <subfield code="2">udc</subfield>
  </datafield>
  <datafield tag="952" ind1=" " ind2=" ">
    <subfield code="0">0</subfield>
    <subfield code="1">0</subfield>
    <subfield code="2">udc</subfield>
    <subfield code="4">0</subfield>
    <subfield code="6">82135313_&#x10E8;47</subfield>
    <subfield code="7">0</subfield>
    <subfield code="9">59509</subfield>
    <subfield code="a">CPL</subfield>
    <subfield code="b">CPL</subfield>
    <subfield code="c">GEN</subfield>
    <subfield code="d">2018-12-17</subfield>
    <subfield code="o">821.353.1-3 &#x10E8;-47</subfield>
    <subfield code="p">27107</subfield>
    <subfield code="r">2018-12-17</subfield>
    <subfield code="t">27107</subfield>
    <subfield code="w">2018-12-17</subfield>
    <subfield code="y">BK</subfield>
  </datafield>
</record>
